000 00932nam a22002177a 4500
005 20250328172024.0
008 250328b |||||||| |||| 00| 0 eng d
020 _a978-93-5947-746-6 (hbk)
037 _cTB
040 _aCRL
_cCRL
041 _2hin
_ahin
084 _aY:1.2 152R4
_qCRL
100 _aसिंघल, प्रभात कुमार'
245 _aअद्भुत भारत:
_bपूर्वोत्तर भारत
260 _aजयपुर, भारत,
_bसाहित्यागार,
_c2024
300 _a231पृ0
365 _b400.00
_cINR
650 _aभारतीय संस्कृति
_9157954
942 _2CC
_cTB
_hY:1.2 152R4
_n0
999 _c1308289
_d1308289